00237nam a2200085Ia 4500008004100000100001700041245003900058260004500097260000900142170620s9999 xx 000 0 und d aElahi- Nizam 0aTeacher Education in India (INSET) bNew Delhi- A.P.H. Publishing corporation c2006